000
00301nam a2200109Ia 4500
008
190216s9999||||xx |||||||||||||| ||und||
100
_a
Varma M M & Agarwal R K
245
0
_a
Personnel Management And Industrial Relations
260
_b
New Central Book Agencies
_c
2000
300
_a
345p
942
_c
BK
999
_c
5698
_d
5698